000 00491nam a2200181Ia 4500
999 _c32707
_d32707
003 OSt
005 20200918121507.0
008 190216s9999||||xx |||||||||||||| ||und||
040 _coclc
082 _a520
_bBAK/A
100 _aBaker, Robert H
_94740
245 0 _aAstornomy /
_cRobert H Baker
250 _a8th Ed.
260 _bAffiliated East West Press,
_c1965.
_aNew Delhi:
300 _a557p
650 _aPhysics
942 _cBK
_2ddc
_h520
_iBAK/A
_k520
_mBAK/A